00390nam a2200157Ia 45000010006000000050017000060080041000230410008000640820019000721000023000912450067001142600009001813000028001906500006002186540008002242303620260414150910.0260414t1997||||xx |||||||||||||| ||spa|| aESP a624.1771bS766 aSoong, T. T. eAUT 0aPassive energy dissipation systems in structural engineeringb c1997 a356 páginas :c27 cm. a0 aCIC